00727nam a22001817a 4500003000900000005001700009008004100026040002100067080001200088100012400100245016700224260003000391300005100421500002600472650002000498942001200518999001500530KOSZ 00520180405100427.0160404b1979 pl ||||| ||| 00| 0 pol  cBPKdKOSZ 005/HR a94(438)1 aPOLAK, Bogusław.d 1979 - 1996.bWyższa Szkoła Inżynierska w Koszalinie - Studium Nauk Społeczno - Politycznych.10aPrzeciw pruskiemu zaborcy :bwspomnienia i listy uczestników Powstania Wielkopolskiego /cwybór i oprac Ludwik Gomolec i Bogusław Polak ; wstęp L. Gomolec. aWarszawa :b"Pax",c1979. a184, [3] s., [6] k. tabl. :bil., mapa, portr. aDane z kartoteki bpp. 0aZabór pruski. cKS2UKD c7652d7652